[Event "HUN-chT2 Barcza 1819"]
[Site "Hungary"]
[Date "2019.04.28"]
[Round "11.12"]
[White "Lippai, Tibor"]
[Black "Szucs, Marton Miklos"]
[Result "1/2-1/2"]
[WhiteElo "1351"]
[BlackElo "1426"]
[PlyCount "26"]
[EventDate "2018.09.23"]
[EventType "team-tourn"]
[EventRounds "11"]
[EventCountry "HUN"]
[SourceTitle "EXT 2021"]
[Source "ChessBase"]
[SourceDate "2020.10.23"]
[SourceVersion "1"]
[SourceVersionDate "2020.10.23"]
[SourceQuality "1"]
[WhiteTeam "Tiszavasvar"]
[BlackTeam "Hajduszoboszlo"]
[WhiteTeamCountry "HUN"]
[BlackTeamCountry "HUN"]

1. e4 e5 2. Nf3 Nc6 3. d4 exd4 4. Nxd4 Bc5 5. Be3 Qf6 6. Nxc6 Bxe3 7. fxe3 Qxc6 8. Bd3 d6 9. 0-0 Be6 10. Nc3 a6 11. Qf3 0-0-0 12. Nd5 f6 13. Nf4 Bc4 1/2-1/2

[Event "HUN-chT2 Barcza 1819"]
[Site "Hungary"]
[Date "2019.02.10"]
[Round "7.11"]
[White "Lippai, Tibor"]
[Black "Galko, Tibor"]
[Result "0-1"]
[WhiteElo "1351"]
[BlackElo "1901"]
[PlyCount "60"]
[EventDate "2018.09.23"]
[EventType "team-tourn"]
[EventRounds "11"]
[EventCountry "HUN"]
[SourceTitle "CBM 189 Extra"]
[Source "ChessBase"]
[SourceDate "2019.05.31"]
[SourceVersion "1"]
[SourceVersionDate "2019.05.31"]
[SourceQuality "1"]
[WhiteTeam "Tiszavasvar"]
[BlackTeam "Edeleny"]
[WhiteTeamCountry "HUN"]
[BlackTeamCountry "HUN"]

1. e4 d5 2. exd5 Qxd5 3. Nc3 Qa5 4. d4 c6 5. Bc4 Nf6 6. Bg5 Qxg5 7. Qf3 Bg4 8. Qg3 Qa5 9. Nf3 Bxf3 10. Qxf3 e6 11. 0-0-0 Bb4 12. Ne4 Nxe4 13. Qxe4 Nd7 14. c3 Be7 15. Rhe1 Nf6 16. Qe2 b5 17. Bb3 0-0 18. f4 Nd5 19. f5 Bg5+ 20. Kb1 Ne3 21. Rd3 Nxf5 22. Rf3 b4 23. cxb4 Qxb4 24. Ref1 Nxd4 25. Qe4 Rab8 26. Rh3 h6 27. Rd1 Nxb3 28. Qxb4 Rxb4 29. Rxb3 Rxb3 30. axb3 Rd8 0-1

[Event "HUN-chT2 Barcza 1819"]
[Site "Hungary"]
[Date "2019.01.27"]
[Round "6.11"]
[White "Ivan, Reka Gyogyver"]
[Black "Lippai, Tibor"]
[Result "1-0"]
[WhiteElo "1515"]
[BlackElo "1351"]
[PlyCount "111"]
[EventDate "2018.09.23"]
[EventType "team-tourn"]
[EventRounds "11"]
[EventCountry "HUN"]
[SourceTitle "CBM 189 Extra"]
[Source "ChessBase"]
[SourceDate "2019.05.31"]
[SourceVersion "1"]
[SourceVersionDate "2019.05.31"]
[SourceQuality "1"]
[WhiteTeam "Miskolc Kisbocsok"]
[BlackTeam "Tiszavasvar"]
[WhiteTeamCountry "HUN"]
[BlackTeamCountry "HUN"]

1. d4 Nf6 2. Nf3 g6 3. Bg5 Bg7 4. Nbd2 d5 5. e3 Nc6 6. Bd3 a6 7. 0-0 Nb4 8. Be2 Bf5 9. c3 Nc6 10. Re1 Qd7 11. a4 0-0 12. b4 h6 13. Bh4 Ne4 14. Qb3 g5 15. Bg3 Nxg3 16. hxg3 Bg4 17. b5 Nd8 18. c4 dxc4 19. Nxc4 Be6 20. Qb4 f6 21. Rec1 Nf7 22. Nfd2 Nd6 23. Bf3 axb5 24. Nxd6 cxd6 25. axb5 Rxa1 26. Rxa1 Rc8 27. Ra7 Rc1+ 28. Kh2 d5 29. Nb3 Rb1 30. Qa4 Bf5 31. Nc5 Qxb5 32. Qxb5 Rxb5 33. Bxd5+ e6 34. Bxe6+ Bxe6 35. Nxe6 Rb2 36. f3 Bf8 37. Ra8 Kf7 38. Nxf8 b5 39. Nd7 b4 40. Rb8 Ke6 41. Nc5+ Kd5 42. Rb6 Kc4 43. Rb7 Rb1 44. g4 Re1 45. Re7 b3 46. Rb7 Rxe3 47. Rxb3 Re7 48. Rb6 Kxd4 49. Ne4 Ke3 50. Rxf6 Rh7 51. Kg3 Rh8 52. Nd6 h5 53. Nf5+ Kd3 54. gxh5 Rxh5 55. Rh6 Rxh6 56. Nxh6 1-0

[Event "HUN-chT2 Barcza 1819"]
[Site "Hungary"]
[Date "2018.10.28"]
[Round "3.12"]
[White "Kovacs, Laszlo7"]
[Black "Lippai, Tibor"]
[Result "1/2-1/2"]
[WhiteElo "1625"]
[BlackElo "1351"]
[PlyCount "44"]
[EventDate "2018.09.23"]
[EventType "team-tourn"]
[EventRounds "11"]
[EventCountry "HUN"]
[SourceTitle "CBM 189 Extra"]
[Source "ChessBase"]
[SourceDate "2019.05.31"]
[SourceVersion "1"]
[SourceVersionDate "2019.05.31"]
[SourceQuality "1"]
[WhiteTeam "Debrecen Sakkiskola"]
[BlackTeam "Tiszavasvar"]
[WhiteTeamCountry "HUN"]
[BlackTeamCountry "HUN"]

1. e4 c5 2. Nf3 d6 3. g3 Nf6 4. d3 h6 5. Bg2 Nc6 6. 0-0 Be6 7. h3 Qd7 8. Kh2 Nh7 9. Nc3 Ng5 10. Bxg5 hxg5 11. Nxg5 f6 12. Nxe6 Qxe6 13. Nd5 0-0-0 14. Nf4 Qd7 15. Ng6 Rh6 16. Nxf8 Rxf8 17. f4 Rfh8 18. f5 g6 19. c3 g5 20. g4 Qc7 21. Kg1 Rh4 22. d4 d5 1/2-1/2